[Event "LUT 5 x 5 FFR"]
[Site "http://www.queenalice.com/game.php?id=493608"]
[Date "2008.11.15"]
[Round "-"]
[White "luth"]
[Black "fferraz"]
[Result "0-1"]
[WhiteElo "1314"]
[BlackElo "1328"]

1. e4 d5 2. d3 dxe4 3. dxe4 e5 4. Nf3 Bg4 5. h3 Bxf3 6. gxf3 Bc5 7. Nc3 Qh4 8.
Qd5 Qxf2+ 9. Kd1 Qxf3+ 10. Ne2 Qxh1 11. Ke1 Na6 12. Qxb7 Bb4+ 13. c3 Rd8 14. Ng3
Nc5 15. Qxb4 Nd3+ 16. Kd1 Qf3+ 17. Be2 Nxb4+ 18. Bd2 Qxg3 19. Bb5+ c6 20. cxb4
cxb5 21. Rc1 Qd3 22. Rc2 Nf6 23. Kc1 Qf1+ 24. Be1 Qxe1# 0-1

[Event "LUT 5 x 6 FFR"]
[Site "http://www.queenalice.com/game.php?id=503727"]
[Date "2008.12.6"]
[Round "-"]
[White "fferraz"]
[Black "luth"]
[Result "1-0"]
[WhiteElo "1356"]
[BlackElo "1307"]

1. Nf3 c5 2. d4 d6 3. dxc5 dxc5 4. e4 b6 5. Bb5+ Bd7 6. c4 a6 7. Bxd7+ Nxd7 8.
Qd5 e6 9. Bg5 Be7 10. Qb7 Rb8 11. Qxa6 h6 12. Bf4 Bf6 13. Na3 g5 14. Bxb8 Nxb8
15. Qb7 Bxb2 16. Rd1 Nd7 17. Ne5 Ngf6 18. Nc6 Qc7 19. Qxc7 Bxa3 20. Qd8# 1-0

[Event "Clo 8 X Lu 1"]
[Site "http://www.queenalice.com/game.php?id=504742"]
[Date "2008.12.8"]
[Round "-"]
[White "clodoaldopaiva"]
[Black "luth"]
[Result "0-1"]
[WhiteElo "1553"]
[BlackElo "1277"]

1. e4 e5 2. Nf3 f6 3. d4 d6 4. Be2 Nc6 5. Bd2 a5 6. Bb5 Ke7 7. Nc3 Nxd4 8. Nd5+
Kf7 9. Bc3 Nxb5 10. Qe2 c6 11. Qc4 Bd7 12. Nc7+ Ke7 13. Nxa8 Qxa8 14. Qd3 c5 15.
Qd2 h5 16. Bxa5 Bc6 17. a4 Nd4 18. Bc7 Bxa4 19. c3 Nc2+ 20. Kf1 Nxa1 21. Bxd6+
Ke8 22. Bxf8 Kxf8 23. Qd6+ Ke8 24. Ke2 Nb3 25. Nd2 Bb5+ 26. c4 Nd4+ 27. Kd1 Qa1+
28. Nb1 Qxb1+ 29. Kd2 Qxh1 30. Qb8+ Kf7 31. Qxb7+ Ne7 32. cxb5 Qf1 33. Kc3 Qc1+
34. Kd3 c4# 0-1

[Event "Lu 5 x 3 Maceca"]
[Site "http://www.queenalice.com/game.php?id=505533"]
[Date "2008.12.10"]
[Round "-"]
[White "cesarcalegari"]
[Black "luth"]
[Result "1-0"]
[WhiteElo "1321"]
[BlackElo "1278"]

1. e4 e5 2. Qf3 d6 3. Bc4 Be6 4. d3 c6 5. Nh3 b5 6. Bb3 Na6 7. Ng5 Nh6 8. Nxe6
fxe6 9. Bxe6 Nc5 10. Qh5+ Ke7 11. Bg5+ Kxe6 12. Bxd8 Rxd8 13. Qh3+ Kf6 14. Qh4+
g5 15. Qh5 d5 16. Qf3+ Kg6 17. O-O g4 18. Qg3 dxe4 19. dxe4 Re8 20. f3 Bg7 21.
fxg4 Nxe4 22. Qe1 Ng5 23. Nc3 e4 24. Rd1 Nxg4 25. Rd6+ Re6 26. Nxe4 Nxe4 27.
Qxe4+ Kh5 28. Rxe6 Nf6 29. Rf5+ Kg6 30. Qe5 Re8 31. Rexf6+ Bxf6 32. Qxf6# 1-0

[Event "Lu 1  x 4 Luciano"]
[Site "http://www.queenalice.com/game.php?id=506956"]
[Date "2008.12.13"]
[Round "-"]
[White "luth"]
[Black "linluciano"]
[Result "0-1"]
[WhiteElo "1279"]
[BlackElo "1765"]

1. c4 d5 2. b3 dxc4 3. bxc4 Qd4 4. Nc3 e6 5. e3 Qf6 6. Rb1 Nh6 7. f3 a6 8. e4
Nc6 9. Nge2 Bb4 10. Bb2 e5 11. Nd5 Qd6 12. a3 Ba5 13. Rc1 O-O 14. c5 Qd7 15. f4
f5 16. fxe5 fxe4 17. Qb3 Qf7 18. Ng3 Qf2+ 19. Kd1 Qxd2# 0-1

[Event "LUT 5 x 7 FFR"]
[Site "http://www.queenalice.com/game.php?id=506970"]
[Date "2008.12.13"]
[Round "-"]
[White "fferraz"]
[Black "luth"]
[Result "1-0"]
[WhiteElo "1326"]
[BlackElo "1293"]

1. Nf3 c5 2. d4 b6 3. d5 d6 4. Qd3 a6 5. e4 a5 6. e5 dxe5 7. Nxe5 f6 8. Nc4 b5
9. Nca3 c4 10. Qe3 Qxd5 11. Qb6 Qe6+ 12. Qe3 Nc6 13. Nxb5 Qe5 14. Bxc4 Nb4 15.
N1a3 e6 16. O-O Ba6 17. f4 Qxe3+ 18. Bxe3 Rc8 19. Bxe6 Ne7 20. Nd6+ Kd8 21. Bb6+
Rc7 22. Nf7+ Ke8 23. Bxc7 Ned5 24. Rad1 h6 25. Nxh8 Ne3 26. Rd8+ Ke7 27. f5 Nc6
28. Ng6# 1-0

[Event "Lu 5 x 4 Maceca"]
[Site "http://www.queenalice.com/game.php?id=519004"]
[Date "2009.1.8"]
[Round "-"]
[White "cesarcalegari"]
[Black "luth"]
[Result "0-1"]
[WhiteElo "1337"]
[BlackElo "1260"]

1. e4 Nc6 2. Qf3 a5 3. Bc4 Ne5 4. Qd3 Nxd3+ 5. cxd3 c6 6. Nf3 b5 7. Bb3 e6 8. d4
Nf6 9. Bc2 d5 10. Ne5 dxe4 11. Nxc6 Qc7 12. Ne5 Qxc2 13. Na3 Qc7 14. Nxb5 Qb6
15. a4 Nd5 16. O-O f6 17. Nc4 Qc6 18. d3 exd3 19. Re1 Qxc4 20. b3 Qc2 21. Rf1 d2
22. Bxd2 Qxd2 23. Rad1 Qg5 24. Nc7+ Nxc7 25. Rde1 Bb7 26. g3 Bd6 27. d5 Bxd5 28.
f4 Bxf4 29. Rxf4 e5 30. h4 Qxg3+ 31. Kf1 Qg2# 0-1

[Event "LUT 5 x 9 FFR"]
[Site "http://www.queenalice.com/game.php?id=520295"]
[Date "2009.1.10"]
[Round "-"]
[White "fferraz"]
[Black "luth"]
[Result "0-1"]
[WhiteElo "1381"]
[BlackElo "1337"]

1. h4 Nf6 2. h5 h6 3. e3 d5 4. c4 Nc6 5. cxd5 Qxd5 6. Nc3 Qd8 7. e4 Qd6 8. d3 g6
9. hxg6 fxg6 10. Nb5 Qb4+ 11. Bd2 Qxb5 12. a4 Qxb2 13. Rb1 Qd4 14. Be3 Qd6 15.
d4 Nxe4 16. Qf3 Nc3 17. Bc4 Be6 18. Bd3 Nb4 19. Qxb7 Rd8 20. Bxg6+ Bf7 21. Bf5
Nxb1 22. Bxb1 Qb6 23. Be4 Rg8 24. a5 Qxa5 25. Bd2 e6 26. Qc6+ Nxc6 27. Bxc6+ Ke7
28. Bxa5 Rxd4 29. Ne2 Rc4 30. Bb5 Rc5 31. Bb4 Kd6 32. Nc3 c6 33. Ne4+ Kd5 34. f3
cxb5 35. Ke2 Rxg2+ 36. Kf1 Rc1+ 37. Kxg2 Rxh1 38. Kxh1 Bxb4 39. Nf6+ Kd4 40. Kg2
Ke3 41. Ng4+ Kf4 42. Nxh6 Bh5 43. Nf7 Bxf3+ 44. Kh3 Be7 45. Nh6 b4 46. Ng8 Bg5
47. Kh2 Kg4 48. Kg1 b3 49. Kf1 b2 50. Kf2 b1=Q 51. Nf6+ Bxf6 52. Ke3 Qe4+ 53.
Kf2 Bd4+ 54. Kf1 Qe2# 0-1

[Event "vem ni mim"]
[Site "http://www.queenalice.com/game.php?id=521699"]
[Date "2009.1.13"]
[Round "-"]
[White "pabloitu"]
[Black "luth"]
[Result "0-1"]
[WhiteElo "1278"]
[BlackElo "1304"]

1. e3 Nf6 2. Qf3 d5 3. Nc3 Nc6 4. Qf4 e5 5. Qa4 Ng4 6. d4 Qh4 7. g3 Qf6 8. Nxd5
Qxf2+ 9. Kd1 Qxf1+ 10. Kd2 Qg2+ 11. Kc3 Qxd5 12. h3 Qxh1 13. Bd2 Nf2 14. dxe5
Ne4+ 15. Kc4 Nxd2+ 16. Kc3 Qg2 17. Rd1 Bb4+ 18. Kd3 Ne4 19. Ne2 Nc5+ 20. Kc4
Nxa4 21. Kb5 Nxb2 22. Rb1 Qd5# 0-1

[Event "Lu 6 x 4 Maceca"]
[Site "http://www.queenalice.com/game.php?id=524217"]
[Date "2009.1.17"]
[Round "-"]
[White "cesarcalegari"]
[Black "luth"]
[Result "0-1"]
[WhiteElo "1272"]
[BlackElo "1319"]

1. Nf3 a5 2. e4 Nc6 3. d4 f6 4. Na3 Rb8 5. d5 Ne5 6. Nh4 c6 7. Be2 g6 8. O-O Nh6
9. f4 Qb6+ 10. Rf2 Nef7 11. Nc4 Qc5 12. b3 b5 13. Nxa5 Bg7 14. Qd3 f5 15. Be3
Qd6 16. c4 Bxa1 17. c5 Qf6 18. g3 e5 19. exf5 gxf5 20. Rf1 Bb2 21. Rd1 Ra8 22.
b4 Ng4 23. Rd2 Bc1 24. fxe5 Qxe5 25. Nxf5 d6 26. Bd4 Qxf5 27. Bf3 Bxd2 28. Be4
Nge5 29. Bxe5 Nxe5 30. Nxc6 Nxd3 31. Bxf5 Bxf5 32. cxd6 Be4 33. h4 Rg8 34. Kh2
Rxa2 35. Nb8 Be1+ 36. Kh3 Rxg3# 0-1

[Event "Clodoaldo 8 x 2 Lu"]
[Site "http://www.queenalice.com/game.php?id=537983"]
[Date "2009.2.10"]
[Round "-"]
[White "clodoaldopaiva"]
[Black "luth"]
[Result "1-0"]
[WhiteElo "1554"]
[BlackElo "1333"]

1. e4 e5 2. Nf3 f6 3. d4 d6 4. dxe5 dxe5 5. Nc3 Nc6 6. Be3 a6 7. Bc4 Nge7 8. Nd5
b5 9. Bb3 Na5 10. O-O c6 11. Nb6 Qxd1 12. Raxd1 Rb8 13. g4 Bxg4 14. Bc5 g6 15.
Nd7 Bxd7 16. Bd6 Rc8 17. Bc5 Nb7 18. Bb6 f5 19. Nxe5 Bg7 20. Nxd7 fxe4 21. Be6
c5 22. Bd5 Nd6 23. Nxc5 Bf8 24. Nxa6 Nc4 25. Nc7+ Kd8 26. Be6+ Nd6 27. Rxd6# 1-0

[Event "DS 1 x 0 PreVenda    =))"]
[Site "http://www.queenalice.com/game.php?id=539114"]
[Date "2009.2.12"]
[Round "-"]
[White "pabloitu"]
[Black "luth"]
[Result "1-0"]
[WhiteElo "1327"]
[BlackElo "1391"]

1. e4 Nf6 2. Nc3 Nc6 3. Nge2 a6 4. Nf4 b5 5. e5 Nxe5 6. Bd3 Rb8 7. Bf5 g6 8. Bg4
Nexg4 9. d3 e5 10. Nfd5 Bb7 11. Nxf6+ Qxf6 12. Qxg4 Bc5 13. Ne4 Bxe4 14. Be3
Bb4+ 15. c3 Be7 16. Qxe4 c6 17. d4 d6 18. Qxc6+ Kd8 19. Rd1 Rc8 20. Qxa6 Rc4 21.
b3 Rxc3 22. O-O h6 23. Rc1 b4 24. Qa5+ Kd7 25. Qxb4 Rc6 26. d5 Rc5 27. Bxc5 Qf4
28. Qb7+ Kd8 29. Be3 Qxf2+ 30. Bxf2 Bg5 31. Qc8+ Ke7 32. Qxh8 h5 33. Rc7# 1-0

[Event "Lu 7 x 4 Maceca"]
[Site "http://www.queenalice.com/game.php?id=543130"]
[Date "2009.2.19"]
[Round "-"]
[White "cesarcalegari"]
[Black "luth"]
[Result "0-1"]
[WhiteElo "1249"]
[BlackElo "1355"]

1. e4 e5 2. Nf3 Nc6 3. Bc4 Nf6 4. Nc3 Bc5 5. Ng5 Rf8 6. Qf3 Nd4 7. Qd3 h6 8. Nf3
d6 9. Nb5 c6 10. Nbxd4 exd4 11. Nxd4 a6 12. O-O d5 13. exd5 cxd5 14. Re1+ Kd7
15. Qh3+ Kc7 16. Qg3+ Kb6 17. Qb3+ Kc7 18. Qg3+ Kd7 19. Nf5 g6 20. Re7+ Bxe7 21.
d3 gxf5 22. Bxh6 Rg8 23. Qe5 Ke8 24. Bb3 Ng4 25. Qf4 Bd6 26. Re1+ Be6 27. Qa4+
b5 28. Qd4 Nxh6 29. Bxd5 Rg6 30. Bc6+ Ke7 31. Qe3 Rc8 32. d4 Qb6 33. Bd5 Rxc2
34. f3 Rcxg2+ 35. Kf1 f4 36. Qe4 Bb4 37. Re2 Rg1+ 38. Kf2 R6g2# 0-1

[Event "9 x 2"]
[Site "http://www.queenalice.com/game.php?id=547955"]
[Date "2009.2.28"]
[Round "-"]
[White "clodoaldopaiva"]
[Black "luth"]
[Result "0-1"]
[WhiteElo "1559"]
[BlackElo "1367"]

1. e4 e5 2. d4 f6 3. Bc4 Ne7 4. f4 exf4 5. Bxf4 g5 6. Qh5+ Ng6 7. Nf3 gxf4 8.
Qd5 Qe7 9. e5 fxe5 10. dxe5 c6 11. Qd4 b5 12. Bb3 a5 13. c4 a4 14. Bc2 Na6 15.
a3 Rb8 16. cxb5 Rxb5 17. Nc3 Rxb2 18. Bxa4 Bb7 19. O-O Nc5 20. Nd1 Re2 21. Nc3
Rxe5 22. Nxe5 Nxe5 23. Rae1 Bg7 24. Rxf4 Rf8 25. Ref1 Ned3 26. Qc4 Nxf4 27. Rxf4
Ba6 28. Qb4 Qe1+ 0-1

[Event "9 x 3"]
[Site "http://www.queenalice.com/game.php?id=563717"]
[Date "2009.3.29"]
[Round "-"]
[White "clodoaldopaiva"]
[Black "luth"]
[Result "1-0"]
[WhiteElo "1531"]
[BlackElo "1372"]

1. e4 e5 2. Nf3 Nc6 3. d4 d5 4. b3 dxe4 5. Nxe5 Nxe5 6. Qh5 Qxd4 7. c3 Bb4 8.
Bd2 Nd3+ 9. Bxd3 Qxd3 10. cxb4 Qd6 11. Nc3 g6 12. Qe2 Qxb4 13. Nxe4 Qd4 14. Bc3
Qd5 15. Nf6+ Kd8 16. Nxd5 Nh6 17. Qe7# 1-0

[Event "1x1"]
[Site "http://www.queenalice.com/game.php?id=563767"]
[Date "2009.3.29"]
[Round "-"]
[White "pabloitu"]
[Black "luth"]
[Result "1-0"]
[WhiteElo "1360"]
[BlackElo "1362"]

1. e4 e5 2. Qf3 Nf6 3. g4 h6 4. Nc3 b6 5. Qh3 h5 6. g5 Ng4 7. Nd5 c6 8. Nb4 Bxb4
9. c3 Ba5 10. b4 Qxg5 11. bxa5 bxa5 12. Ba3 f5 13. Nf3 Qg6 14. Rg1 fxe4 15. Nxe5
Qf6 16. Qxh5+ 1-0